Using history to teach mathematics : an international perspective

Αποθηκεύτηκε σε:
Λεπτομέρειες βιβλιογραφικής εγγραφής
Άλλοι συγγραφείς: Katz, Victor J. (Επιμελητής έκδοσης)
Μορφή: Βιβλίο
Γλώσσα:English
Δημοσίευση: Washington, DC : Mathematical Association of America, 2000
Σειρά:MAA notes ; ; 51
Θέματα:
Ετικέτες: Προσθήκη ετικέτας
Δεν υπάρχουν, Καταχωρήστε ετικέτα πρώτοι!

MARC

LEADER 00000nam a2200000 i 4500
001 1/30244
008 021218s2000 eng d
020 |a 0-88385-163-6 
035 |l 10068945 
040 |a GR-MY-UA  |b gre  |e aacr 
041 0 |a eng 
082 0 |a 510.71 
245 1 0 |a Using history to teach mathematics :  |b an international perspective /  |c Victor J. Katz editor 
260 |a Washington, DC :   |b Mathematical Association of America,   |c 2000 
300 |a 261 p. 
490 1 |a The mathematical association of America notes  |v ; 51 
650 0 0 |a Mathematics  |x Study and teaching. 
650 0 0 |a Mathematics  |x History. 
700 0 |a Katz, Victor J.  |4 edt 
830 0 |a MAA notes ;  |v ; 51 
852 |a INST  |b RHODES  |e 20021218  |h 510.71 USI  |p 005400015865  |q 005400015865  |t BK  |y 0 
901 |a BIBL4-2003-1 
909 |a Ρ  |b 103093 
922 |a 4ΕΛΗ  |b 200212  |c ΕΠΕΑΕΚ2/ΤΕΠΑΕΣ  |d ΠΑΠΑΣΩΤΗΡΙΟΥ & ΕΛΕΥΘΕΡΟΥΔΑΚΗΣ 
950 |a 096-2002-10-08 
970 |a ΚΟΥΛΑΚΙΟΤΗ  |b ΛΙΤΣΑ  |z 2003/01/23